000 00857nam a2200229Ia 4500
001 16934
003 GE_BSU
008 181216s||||||||xx |||||||||||||| ||und||
040 _cGE_BSU
080 _a821.353.1-1
100 _aდარასელი, ვანიონ
245 _aომისა და მშვიდობის დღეებში
245 _bპოეზია, პროზა, დრამატურგია
245 _cრედ.ბ.თათარაშვილი
260 _aთბილისი
260 _bნაკადული,
260 _c1964
300 _a264გვ. : 1ფ. პორტრ. ; 21სმ.
653 _aომისა და მშვიდობის დღეებში
653 _aპოეზია, პროზა, დრამატურგია
942 _cBK
999 _c49997
_d49997